| 000 | 00511nam a2200145 4500 | ||
|---|---|---|---|
| 008 | 021213s1976 us 0 eng | ||
| 090 |
_aBS1197 _bP47o |
||
| 100 | 1 | _aPfeiffer, Charles F. | |
| 245 | 1 | 0 |
_aAn outline of Old Testament history / _cCharles F. Pfeiffer. |
| 260 |
_aChicago : _bMoody Press, _cc1976. |
||
| 300 |
_a160 p. : _bills., charts, maps |
||
| 504 | _aBiblio: p. 150 | ||
| 650 | 4 |
_aBible. O.T. _xHistory of biblical events. |
|
| 951 |
_p7719 _x00002854 _oBS1197/P47o-2 _j070613111157921 _d2000-12-21 _cGC |
||
| 999 |
_c13498 _d13498 |
||